Movies Quiz

Random Movies or Box Office Quiz
Score 0/21 Timer 05:00
6 Plays Today
% Correct
Up
99.3%
Underworld
73.6%
Us
73.1%
Underworld: Evolution
67.5%
Underworld 3: Rise of the Lycans
65.9%
Unbreakable
62%
Underworld: Blood Wars
56.1%
Underworld: Awakening
53.1%
Unforgiven
49.8%
Under Siege
47.4%
Up in the Air
42.1%
% Correct
Unbroken
39.8%
Unstoppable
30.5%
Under Siege 2: Dark Territory
26.2%
U.S. Marshals
25%
The Ugly Truth
24.2%
Unfaithful
18.6%
Unknown
13.7%
The Upside
12.9%
Up Close and Personal
8.6%
U-571
8.5%
Remove Ads.
Support Sporcle.
Get the best of Sporcle when you Go Orange. This ad-free experience offers more features, more stats, and more fun while also helping to support Sporcle. Thank you for becoming a member.

You're not logged in!

Compare scores with friends on all Sporcle quizzes.
OR
Log In

Show Comments

Extras

Top Quizzes Today


Score Distribution

Your Account Isn't Verified!

In order to create a playlist on Sporcle, you need to verify the email address you used during registration. Go to your Sporcle Settings to finish the process.

Report this User

Report this user for behavior that violates our Community Guidelines.

Details: